| 000 | 00658cam a22002171 4500 | ||
|---|---|---|---|
| 001 | he 66001650 | ||
| 003 | DLC | ||
| 005 | 20260227111441.0 | ||
| 008 | 850313s1964 is 000 0 heb | ||
| 010 | _ahe 66001650 | ||
| 035 | _a(OCoLC)19181614 | ||
| 040 |
_aDLC _cMH _dDLC |
||
| 042 | _apremarc | ||
| 050 | 0 | 0 |
_aCT1919.P3 _bR484 |
| 245 | 0 | 0 |
_aShelomoh Rekhav-Landḳuṭsh ; _bnolad bi-Levov, Galitsyah...663, 1903...nifṭar be-Ḳibuts Mizraʻ..723, 1963. |
| 260 |
_a[Mizraʻ] : _b[s.n.], _c[1964] |
||
| 300 |
_a86 p. : _bill., ports. ; _c25 cm. |
||
| 600 | 1 | 0 |
_aRekhav, Shelomoh, _d1903-1963. |
| 710 | 1 | _aMizraʻ (Israel) | |
| 752 |
_aIsrael _dMizraʻ |
||
| 999 |
_c31955 _d31955 |
||